00458nam a2200157Ia 4500003000900000008004100009040001600050080001600066245008600082260003600168300001000204650002500214650001600239650001900255700002600274IN-BaIIA211028s9999 xx 000 0 eng d cIIA Library a621.38bLEW 0aElectronic construction handbookcedited by Robert F. Lewis and Marvin Margoshes  aWilson Com.bRadio Publications a136p. aElectronic Equipment aElectronics aNASA Thesaurus aLewis, Robert F., ed.